• 首页
  • 本馆介绍
  • 公告通知
  • 最新文献
  • 馆藏检索
  • 电子资源
  • 读者导购
  • 参考咨询
  • 我的图书馆
  • 登录
  • 详细信息显示
  • 放入我的书架
  • 预约/预借图书
  • 作者相关作品
  • 分类相关作品
  • 丛书相关作品
  • 出版社相关作品

书目信息

  • 表格格式
  • 工作单格式
  • 卡片格式
题名:
语言文章论集
    
 
作者: 崔应贤 著
分册:  
出版信息: 北京   中央文献出版社  2007
页数: 562页
开本: 21cm
丛书名: 当代语言学丛书
单 册:
中图分类: H1-53
科图分类:
主题词: 汉语--语言学--文集 , 汉语 , 语言学
电子资源:
ISBN: 978-7-5073-2258-3
000 00872oam2 2200289 450
001 003571046
005 20091202090234.12
010    @a978-7-5073-2258-3@dCNY35.00
100    @a20070104d2007 em y0chiy0110 ea
101 0  @achi
102    @aCN@b110000
105    @ay z 000yy
106    @ar
200 1  @a语言文章论集@9yu yan wen zhang lun ji@f崔应贤著
210    @a北京@c中央文献出版社@d2007
215    @a562页@d21cm
225 2  @a当代语言学丛书
308    @a丛书第2辑
330    @a本书是作者从所发表70余篇学术论文中精选出来的篇章,由53篇组成。内容涉及汉语研究综述、词汇、语法、修辞、文章五个方面的内容。
461  0 @12001 @a当代语言学丛书
606 0  @a汉语@x语言学@j文集
606 0  @a汉语
606 0  @a语言学
690    @aH1-53@v4
701  0 @a崔应贤@9cui ying xian@f(1955.11~)@4著
801  0 @aCN@bNLC@c20091202
905    @b794601-03@dH1-53@e152@f3
    
    语言文章论集/崔应贤著.-北京:中央文献出版社,2007
    562页;21cm.-(当代语言学丛书)
    
    
    ISBN 978-7-5073-2258-3:CNY35.00
    本书是作者从所发表70余篇学术论文中精选出来的篇章,由53篇组成。内容涉及汉语研究综述、词汇、语法、修辞、文章五个方面的内容。
●
相关链接 在E读中查询图书 在五车中查询图书 在当当中查询图书 在豆瓣中查询图书


正题名:语言文章论集     索取号:H1-53/152         预约/预借

序号 登录号 条形码 馆藏地/架位号 状态 备注
1 794601   207946017   第二样本阅览室/ [索取号:H1-53/152] 在馆    
2 794602   207946026   第四借阅区/ [索取号:H1-53/152] 在馆    
3 794603   207946035   密集书库-文学院/ [索取号:H1-53/152] 在馆    
唐山师范学院图书馆 欢迎您!
大连网信软件有限公司© 版权所有